000 00397nam a2200157 4500
999 _c10630
_d10630
020 _a8122418755
082 _a531SHU
100 _aShukla, R. K
245 _aMechanics
260 _aNew Delhi:
_bNew Age International,
_c2006.
300 _aXV,714p. ;
650 _aEngineering Mechanics
700 _aSrivastava, Anchal
856 _uhttp://10.10.170.122:8080/browse/book/20065
942 _cBK